000 00379pab a2200157 454500
008 180718b1988 xxu||||| |||| 00| 0 eng d
100 _aGopal Das, B.
245 _aFacilities and incentises for non - resident Indians
260 _c1988
300 _a206-8
362 _aSept.
650 _aIndians Abroad
773 _aChartered Accountant
908 _aN
909 _a10454
999 _c10454
_d10454